000 00747nam a2200277Ia 4500
005 20250425162536.0
008 250425s9999 xx 000 0 und d
020 _a0135708052
041 _aeng
043 _anju
082 _a005.132
100 _aFANG, WALTER
245 0 _aVISUALAGE FOR SMALLTALK DISTRIBUTED: DEVELOPING DISTRIBUTED OBJECT APPLICATIONS
250 _aS.E.
260 _aEstados Unidos
_bPRENTICE HALL PTR
_c1996
260 _aUPPER SADDLE RIVER
300 _a250
500 _aINCLUYE DISKETTE
650 _aTECNOLOGIA CLIENTE/SERVIDOR
650 _aVISUAL
700 _aGUYET, SVEN
700 _aHAVEN, RANDY
710 _aINTERNATIONAL TECHNICAL SUPPORT ORGANIZATION
942 _c01
010 _a84473
999 _c231354
_d231354